00616nam a2200157 a 450000100100000000500170001000800410002704000250006808200150009311100760010824500970018426000970028130000200037850400300039870000300042800002919420200930055405.0110414s1983 dr 000 0 spa d aDO-SdBNPbspacBNPHU axxxbC748c1 aConferencia, la contaminación ambientalcSanto Domingod1979 jul. 6 :10aLa contaminación ambiental :bpeligro que nos amenaza a todos /cJaime A. Viñas Román. aSanto Domingo :bFundación para el Desarrollo de la Juventud Rural,c1983.fEditora Taller a25 p. ;c21 cm. aBibliografía : p. 24-251 aViñas Román, Jaime A.